|
|
|
|
| LEADER |
00000nam0a2200000 4500 |
| 001 |
311463 |
| 005 |
20231102002404.0 |
| 035 |
|
|
|a (RuTPU)RU\TPU\book\336820
|
| 090 |
|
|
|a 311463
|
| 100 |
|
|
|a 20151208d1981 k y0rusy50 ca
|
| 101 |
0 |
|
|a rus
|
| 102 |
|
|
|a RU
|
| 105 |
|
|
|a a z 001zy
|
| 200 |
1 |
|
|a Охрана водной среды при строительстве и эксплуатации водохранилищ ТЭС и АЭС
|e сборник научных трудов
|f Всесоюзный научно-исследовательский институт гидротехники им. Б. Е. Веденеева (ВНИИГ)
|
| 210 |
|
|
|a Ленинград
|c Энергоиздат
|d 1981
|
| 215 |
|
|
|a 109 с.
|c ил.
|
| 225 |
1 |
|
|a Известия ВНИИГ им. Б. Е. Веденеева
|v Т. 153
|
| 320 |
|
|
|a Библиография в конце статей
|
| 606 |
1 |
|
|a Гидроэнергетическое строительство
|x Влияние на окружающую среду
|2 stltpush
|3 (RuTPU)RU\TPU\subj\7176
|9 34889
|
| 610 |
1 |
|
|a водохранилища
|
| 610 |
1 |
|
|a тепловое загрязнение
|
| 610 |
1 |
|
|a экономические аспекты
|
| 610 |
1 |
|
|a тепловые электрические станции
|
| 610 |
1 |
|
|a атомные электрические станции
|
| 610 |
1 |
|
|a техническое водоснабжение
|
| 610 |
1 |
|
|a Ставропольская ГРЭС
|
| 610 |
1 |
|
|a водохранилища-охладители
|
| 610 |
1 |
|
|a гидротермический режим
|
| 610 |
1 |
|
|a расчет
|
| 610 |
1 |
|
|a оценка
|
| 610 |
1 |
|
|a стратификация
|
| 610 |
1 |
|
|a перемешивание
|
| 610 |
1 |
|
|a прогноз
|
| 610 |
1 |
|
|a ледотермические установки
|
| 675 |
|
|
|a 627.8.09
|v 4
|
| 712 |
0 |
2 |
|a Всесоюзный научно-исследовательский институт гидротехники им. Б. Е. Веденеева (ВНИИГ)
|2 stltpush
|3 (RuTPU)RU\TPU\col\11485
|
| 801 |
|
1 |
|a RU
|b 63413507
|c 20151208
|
| 801 |
|
2 |
|a RU
|b 63413507
|c 20180924
|g RCR
|
| 942 |
|
|
|c BK
|